Water and plant life (Record no. 26545)

MARC details
000 -LEADER
fixed length control field 00329nam a2200133Ia 4500
082 ## - DEWEY DECIMAL CLASSIFICATION NUMBER
Classification number 581.5
Item number ECO;1
245 #0 - TITLE STATEMENT
Title Water and plant life
260 ## - PUBLICATION, DISTRIBUTION, ETC. (IMPRINT)
Place of publication Berlin
Name of publisher Springer
Year of publication 1976
490 ## - SERIES STATEMENT
Series statement Ecological studies 19
650 ## - SUBJECT ADDED ENTRY--TOPICAL TERM
Topical Term Water relations
700 ## - ADDED ENTRY--PERSONAL NAME
Personal name Lange, O L
942 ## - ADDED ENTRY ELEMENTS (KOHA)
Koha item type Books
Holdings
Withdrawn status Lost status Damaged status Not for loan Home library Current library Date acquired Full call number Accession Number Koha item type
        RRII Library RRII Library 16/12/2021 581.5 ECO;1 07178 Books